MARC

Tag First Indicator Second Indicator Subfields
LEADER 00000cam a22000008a 4500
001 in00000071390
005 20151008062210.0
008 780907s1980 mauab 00010 engm
010 |a  78051669  
020 |a 0521220289 :  |c 1.40 ($2.75 U.S.) 
035 |a (OCoLC)04493687 
035 |9 AAJ9723AM 
040 |a DLC  |c DLC  |d TXA  |d UtOrBLW 
043 |a e-uk-st 
049 |a TXAM  |c [951030] 
050 0 0 |a R775.E59  |b L63 
082 0 |a 610/.7/114134 
100 1 |a Lobban, R. D.  |q (Robert Dalziel),  |d 1928- 
245 1 0 |a Edinburgh and the medical revolution /  |c R.D. Lobban. 
264 1 |a Cambridge ;  |a New York :  |b Cambridge University Press,  |c 1980. 
300 |a 48 pages :  |b illustrations, maps ;  |c 21 cm. 
336 |a text  |b txt  |2 rdacontent 
337 |a unmediated  |b n  |2 rdamedia 
338 |a volume  |b nc  |2 rdacarrier 
490 1 |a Cambridge introduction to the history of mankind : Topic book 
610 1 0 |a University of Edinburgh.  |b Faculty of Medicine.  |x History. 
650 0 |a Surgery  |x History  |y 19th century. 
650 0 |a Medicine  |x History  |y 19th century. 
650 0 |a Public health  |z Scotland  |z Edinburgh  |x History  |y 19th century. 
651 0 |a Edinburgh (Scotland)  |x History  |y 19th century. 
830 0 |a Cambridge introduction to the history of mankind.  |p Topic book. 
999 |a MARS 
999 f f |s 3f4287cf-fdc1-39b0-987e-4e9a8849fa56  |i d663a71f-419e-3952-b6f5-9131e10feabd  |t 0 
952 f f |p ric  |a Texas A&M University  |b Rellis Campus  |c Joint Library Facility  |d Remote Storage  |t 0  |e R775.E59 L63  |h Library of Congress classification  |i unmediated -- volume  |m A14806226936 
998 f f |a R775.E59 L63  |t 0  |l Remote Storage